[Event "Euskirchen- Düsseldorf- Süd"]
[Site "?"]
[Date "2022.09.18"]
[Round "1.4"]
[White "Brinkmann, Sven"]
[Black "Reinartz, Achim"]
[Result "1-0"]
[WhiteElo "2038"]
[BlackElo "1965"]
[PlyCount "163"]
[SourceVersionDate "2023.06.22"]

1. e4 d5 2. exd5 Qxd5 3. Nc3 Qa5 4. d4 c6 5. Bd3 Nf6 6. Nge2 Bg4 7. O-O Nbd7 8.
Re1 O-O-O 9. f3 Bh5 10. a3 e6 11. Bf4 a6 12. b4 Qb6 13. Na4 Qa7 14. c4 Bg6 15.
c5 Nd5 16. Bg3 Be7 17. Be4 N7f6 18. Bxd5 Rxd5 19. Nb6+ Kd8 20. Nxd5 Nxd5 21.
Nf4 Nf6 22. Qe2 Re8 23. Qe5 b5 24. cxb6 Qxb6 25. Nxg6 hxg6 26. Qb8+ Qxb8 27.
Bxb8 Nd5 28. Rac1 Kd7 29. Ba7 Ra8 30. Bc5 Bg5 31. Rc2 Rb8 32. Kf2 Rh8 33. Rh1
Bd8 34. g3 g5 35. Rcc1 g6 36. Ke2 Bf6 37. Kd3 Ra8 38. a4 Rb8 39. Rb1 Bd8 40.
Rhe1 Rb7 41. Re2 Bf6 42. Kc4 Nc7 43. Rb3 Rb8 44. Re1 Rh8 45. Rh1 Rb8 46. Rb2
Rh8 47. Bb6 Nd5 48. Ba5 Ra8 49. Kd3 Kd6 50. Rc1 Bd8 51. Bxd8 Rxd8 52. b5 cxb5
53. axb5 axb5 54. Rxb5 Rd7 55. Ra1 Ke7 56. Ra3 Rc7 57. Rab3 Rc1 58. Rb7+ Kf6
59. Ra7 Rd1+ 60. Ke2 Rxd4 61. Rbb7 Ke5 62. Rxf7 Nc3+ 63. Ke1 Rd1+ 64. Kf2 Nd5
65. Ra2 Rh1 66. Re2+ Kd6 67. Kg2 Rd1 68. Rg7 Ne7 69. Rf7 Rd5 70. Rf6 Re5 71.
Rxe5 Kxe5 72. Rf7 Nf5 73. Rf8 Ne3+ 74. Kh3 Nf1 75. Kg4 Nxh2+ 76. Kxg5 Kd4 77.
Kxg6 e5 78. f4 e4 79. f5 Nf3 80. Re8 Ne5+ 81. Rxe5 Kxe5 82. f6 1-0

[Event "Euskirchen- Düsseldorf- Süd"]
[Site "?"]
[Date "2022.09.18"]
[Round "1.5"]
[White "Huenemeyer, Dirk"]
[Black "Hack, Thomas"]
[Result "1-0"]
[WhiteElo "1947"]
[BlackElo "2022"]
[PlyCount "157"]
[SourceVersionDate "2023.06.22"]

1. c4 e5 2. Nc3 Nf6 3. g3 g6 4. Bg2 Bg7 5. e4 O-O 6. Nge2 d6 7. h3 Nc6 8. O-O
Nh5 9. d3 f5 10. exf5 gxf5 11. Nd5 Be6 12. Nec3 Nf6 13. f4 Nd7 14. Rb1 Nd4 15.
Ne2 c6 16. Ndc3 Qf6 17. b4 Qg6 18. Kh2 Nf6 19. b5 Rac8 20. bxc6 bxc6 21. Nxd4
exd4 22. Ne2 c5 23. Rb7 Rf7 24. Qa4 Rxb7 25. Bxb7 Re8 26. Bf3 Qf7 27. Qc6 Qd7
28. Qa6 Rb8 29. Ba3 Qc7 30. Re1 Bc8 31. Qa4 Bd7 32. Qa6 Qb6 33. Qxb6 Rxb6 34.
Bc1 Rb1 35. Kg2 Kf7 36. Kf2 Ra1 37. a3 Ra2 38. Rd1 Ba4 39. Rd2 Rc2 40. Ke1 Bf8
41. g4 Be7 42. g5 Nd7 43. Bd5+ Kg6 44. Rxc2 Bxc2 45. Kd2 Ba4 46. Ng3 Nf8 47. h4
Bd7 48. Ke2 h6 49. Bd2 Bd8 50. Bg2 Nh7 51. Bh3 hxg5 52. fxg5 Nxg5 53. hxg5 Bxg5
54. Bxg5 Kxg5 55. Bg2 Be8 56. Bf3 Kf6 57. Bb7 Ke5 58. Kf3 Bf7 59. Bc8 d5 60.
Ba6 f4 61. Ne2 Bh5+ 62. Kf2 dxc4 63. Bxc4 Be8 64. Ng1 Bc6 65. Nf3+ Kf5 66. Nd2
Ke5 67. Ba6 Bd5 68. Nc4+ Ke6 69. Bb5 Bb7 70. Na5 Ba8 71. Nc6 Kd6 72. Nxa7 Bd5
73. Nc8+ Kc7 74. Ne7 Bb7 75. Ng6 Kb6 76. Bc4 f3 77. Ne5 Ba8 78. Nxf3 Ka5 79.
Bb3 1-0

[Event "Euskirchen- Düsseldorf- Süd"]
[Site "?"]
[Date "2022.09.18"]
[Round "1.6"]
[White "Reckers, Sebastian"]
[Black "Schmitz, Fabian"]
[Result "1-0"]
[WhiteElo "1997"]
[BlackElo "1686"]
[Annotator "daniel"]
[PlyCount "149"]
[SourceVersionDate "2023.06.22"]

1. e4 e6 2. d4 d5 3. e5 c5 4. c3 Qb6 5. Nf3 Bd7 6. Be2 Nc6 7. O-O cxd4 8. cxd4
Nge7 9. Nc3 Nf5 10. Na4 Qc7 11. Bf4 Be7 12. Rc1 Qa5 13. Bd2 Bb4 14. Bxb4 Qxb4
15. a3 Qa5 16. Nc5 Qc7 17. b4 a6 18. a4 Rc8 19. Nxa6 bxa6 20. Bxa6 Rb8 21. b5
Qb6 22. bxc6 Bxc6 23. Bd3 Ne7 24. Rb1 Qa7 25. Rxb8+ Qxb8 26. Qc2 O-O 27. Bxh7+
Kh8 28. Bd3 Qb4 29. Ra1 Ra8 30. Qb1 Rxa4 31. Rxa4 Qxb1+ 32. Bxb1 Bxa4 33. Kf1
Kg8 34. Ke2 f6 35. exf6 gxf6 36. h4 Kg7 37. g4 Be8 $11 38. Ke3 Ng8 39. Kf4 Bf7
40. Nd2 Ne7 41. Ke3 e5 42. f3 Nc6 43. Nb3 Be6 44. g5 fxg5 45. hxg5 Bf7 46. dxe5
Nxe5 47. Nd4 Bh5 48. Kf4 Nf7 49. Ba2 Bxf3 50. Nxf3 Nxg5 51. Kxg5 Kf7 52. Kf5
Ke7 53. Ke5 Kf7 54. Bxd5+ Kg7 55. Kf5 Kh8 56. Kf6 Kh7 57. Ne5 Kh8 58. Ng6+ Kh7
59. Bc4 Kh6 60. Bg8 Kh5 61. Ne5 Kh6 62. Ng4+ Kh5 63. Kf5 Kh4 64. Kf4 Kh3 65.
Bf7 Kh4 66. Be8 Kh3 67. Ne3 Kh4 68. Ng2+ Kh3 69. Kf3 Kh2 70. Kf2 Kh3 71. Bd7+
Kh2 72. Ne3 Kh1 73. Be6 Kh2 74. Nf1+ Kh1 75. Bd5# 1-0

[Event "Erkenschwick 2- Rheinhausen"]
[Site "?"]
[Date "2022.09.18"]
[Round "1.2"]
[White "Homs, Guust"]
[Black "Liedmann, Dennis"]
[Result "1-0"]
[WhiteElo "2186"]
[BlackElo "2069"]
[PlyCount "51"]
[SourceVersionDate "2023.06.22"]

1. e4 d5 2. exd5 Nf6 3. d4 Bg4 4. Be2 Bxe2 5. Qxe2 Qxd5 6. Nf3 Nc6 7. Be3 e6 8.
O-O O-O-O 9. c4 Qf5 10. Nc3 g5 11. Rad1 g4 12. Nh4 Qh5 13. g3 Bg7 14. Qc2 Rd7
15. Ne2 Ne7 16. Qa4 Nc6 17. b4 Bh6 18. b5 Nb8 19. Qxa7 Bxe3 20. fxe3 Ne4 21.
Nf4 Qh6 22. c5 c6 23. Rb1 cxb5 24. Rxb5 e5 25. Rb6 Qf8 26. c6 1-0

[Event "Erkenschwick 2- Rheinhausen"]
[Site "?"]
[Date "2022.09.18"]
[Round "1.4"]
[White "Jungbluth, Rolf"]
[Black "Proettel, Sven"]
[Result "0-1"]
[WhiteElo "2106"]
[BlackElo "2096"]
[PlyCount "82"]
[SourceVersionDate "2023.06.22"]

1. c4 e6 2. Nc3 d5 3. cxd5 exd5 4. d4 c6 5. Nf3 Bd6 6. Qc2 Ne7 7. e3 Bf5 8. Bd3
Bxd3 9. Qxd3 Nd7 10. O-O O-O 11. Rd1 f5 12. a3 Ng6 13. g3 a5 14. Rb1 Qe7 15.
Bd2 Nh8 16. b4 axb4 17. axb4 b5 18. Rb3 Nb6 19. Ne2 Nf7 20. Rc1 Nc4 21. Bc3 Ra4
22. Qb1 Ng5 23. Nh4 g6 24. Be1 Rfa8 25. Qd3 Bxb4 26. Bxb4 Rxb4 27. Rxb4 Qxb4
28. g4 Ne4 29. gxf5 Qe7 30. Ng2 gxf5 31. f3 Ra3 32. Qb1 Ncd2 33. Qc2 Nxf3+ 34.
Kf1 Nxh2+ 35. Kg1 Nf3+ 36. Kf1 Nfd2+ 37. Kg1 Nc4 38. Nef4 Qg5 39. Rf1 Rxe3 40.
Qa2 Ra3 41. Qc2 Qg4 0-1

[Event "Erkenschwick 2- Rheinhausen"]
[Site "?"]
[Date "2022.09.18"]
[Round "1.5"]
[White "Jentzsch, David"]
[Black "Schulze Bisping, Franz"]
[Result "1/2-1/2"]
[WhiteElo "1981"]
[BlackElo "1880"]
[Annotator "daniel"]
[PlyCount "95"]
[SourceVersionDate "2023.06.22"]

1. e4 e6 2. d4 d5 3. Nc3 Be7 4. Nf3 Nf6 5. exd5 exd5 6. h3 Bf5 7. Bg5 Nbd7 8.
Bd3 Bxd3 9. Qxd3 c6 10. O-O O-O 11. Rfe1 Re8 12. Nb1 Ne4 $11 13. Bxe7 Rxe7 14.
Nbd2 Nxd2 15. Qxd2 Nf8 16. c3 Ng6 17. g3 Qd7 18. Rxe7 Qxe7 19. Re1 Qd7 20. Kg2
f6 21. Re3 Re8 22. Qe2 Kf7 23. Rxe8 Qxe8 24. Qxe8+ Kxe8 25. Ne1 Ke7 26. Nd3 Nh8
27. f3 Nf7 28. b3 Nd6 29. a4 g6 30. g4 Nf7 31. h4 Kd6 32. Kg3 Ke7 33. Kf4 Nd8
34. g5 Ne6+ 35. Kg4 f5+ 36. Kg3 Nd8 37. Kf4 Kd6 38. Ne5 b6 39. b4 a6 40. Ke3 c5
41. Nd3 c4 42. Ne5 Nc6 43. Nxc6 Kxc6 44. Kf4 Kd6 45. h5 Ke6 46. h6 Kd6 47. Ke3
Ke6 48. f4 1/2-1/2

[Event "Erkenschwick 2- Rheinhausen"]
[Site "?"]
[Date "2022.09.18"]
[Round "1.6"]
[White "Strohmann, Marcel"]
[Black "Feldhaus, Sebastian"]
[Result "0-1"]
[WhiteElo "2861"]
[BlackElo "2034"]
[PlyCount "70"]
[SourceVersionDate "2023.06.22"]

1. e4 c5 2. Nf3 Nc6 3. d4 cxd4 4. Nxd4 e5 5. Nb5 d6 6. N1c3 a6 7. Na3 Nf6 8.
Bg5 Be7 9. Bxf6 Bxf6 10. Nc4 Nd4 11. Nd5 Be6 12. Nxf6+ gxf6 13. c3 Rc8 14. Ne3
Nc6 15. Bc4 Ne7 16. Bd5 Bxd5 17. Nxd5 Nxd5 18. Qxd5 Qb6 19. O-O-O Ke7 20. Rd2
Rc5 21. Qd3 Rhc8 22. Rhd1 R8c6 23. Rc2 Qa5 24. Kb1 Qa4 25. b3 Qa3 26. c4 a5 27.
Rdd2 a4 28. Rb2 b5 29. Qe2 bxc4 30. bxc4 Rxc4 31. Rdc2 Rxc2 32. Rxc2 Qb4+ 33.
Ka1 Rb6 34. Rb2 Qd4 35. f3 a3 0-1

[Event "Erkenschwick 2- Rheinhausen"]
[Site "?"]
[Date "2022.09.18"]
[Round "1.7"]
[White "Mohrholz, Stefan"]
[Black "Al Marawi, Abdulhadi"]
[Result "1-0"]
[WhiteElo "1990"]
[BlackElo "1853"]
[PlyCount "119"]
[SourceVersionDate "2023.06.22"]

1. Nf3 Nf6 2. c4 e6 3. g3 d5 4. Bg2 Be7 5. O-O O-O 6. d4 dxc4 7. Ne5 c5 8. Be3
cxd4 9. Bxd4 Qc7 10. Qc2 Rd8 11. e3 Bd7 12. Nd2 Nc6 13. Nxc6 Bxc6 14. Bxc6 Qxc6
15. Qxc4 Qxc4 16. Nxc4 Rac8 17. Rac1 b6 18. Ne5 Kf8 19. Nc6 Rd7 20. Nxe7 Rxc1
21. Ng6+ hxg6 22. Rxc1 Ne8 23. Kf1 f6 24. Ke2 Kf7 25. a4 Nd6 26. b4 e5 27. Bb2
Ne4 28. Rc2 g5 29. f3 Nd6 30. b5 e4 31. Ba3 exf3+ 32. Kxf3 Ne8 33. Ke2 f5 34.
Bb2 g6 35. h3 Re7 36. Kf2 Nd6 37. Bd4 Ne4+ 38. Kf3 Rd7 39. Rc8 Nf6 40. Rc6 g4+
41. hxg4 Nxg4 42. Kf4 Re7 43. Kg5 Nxe3 44. Rxg6 Nf1 45. Rg7+ Ke6 46. Rxe7+ Kxe7
47. Be5 Nd2 48. Kxf5 Nb3 49. Bc3 Kf7 50. Bb4 Nd4+ 51. Ke5 Nb3 52. Kd6 Kg6 53.
Kc6 Kf5 54. Kb7 Nc5+ 55. Bxc5 bxc5 56. Kxa7 c4 57. b6 c3 58. b7 c2 59. b8=Q
c1=Q 60. Qf4+ 1-0

[Event "Dinslaken- Borbeck"]
[Site "?"]
[Date "2022.09.18"]
[Round "1.1"]
[White "Loyen, Egbert"]
[Black "Sonnenschein, Philipp"]
[Result "0-1"]
[WhiteElo "2218"]
[BlackElo "2213"]
[PlyCount "94"]
[SourceVersionDate "2023.06.22"]

1. Nf3 d5 2. g3 g6 3. Bg2 Bg7 4. d4 Nf6 5. O-O O-O 6. c4 dxc4 7. Nc3 c6 8. a4
a5 9. e4 Nbd7 10. Qe2 Nb6 11. h3 Be6 12. Be3 h6 13. Rfd1 Ra6 14. Kh2 Qc8 15.
Ne5 Nfd7 16. f4 Nxe5 17. fxe5 Qb8 18. Rd2 Kh7 19. Rf1 Bc8 20. Qd1 Na8 21. Rdf2
Kg8 22. Qe2 b5 23. axb5 cxb5 24. Nd5 Qb7 25. Qd2 h5 26. Bg5 Re6 27. Qxa5 Nb6
28. Qxb5 Nxd5 29. Qxb7 Bxb7 30. exd5 Rb6 31. Bxe7 Rb8 32. Ba3 Ba6 33. Rd1 Rb3
34. Rc2 Rd3 35. Ra1 h4 36. gxh4 Bh6 37. Bd6 Bf4+ 38. Kh1 Rbb3 39. Rf2 Bg3 40.
Rff1 Bb7 41. Be7 Rxb2 42. Bf6 Rdd2 43. Bf3 Rh2+ 44. Kg1 Rxh3 45. Bg2 Bh2+ 46.
Kh1 Rg3 47. Be4 Bg1 0-1

[Event "Dinslaken- Borbeck"]
[Site "?"]
[Date "2022.09.18"]
[Round "1.2"]
[White "Welzel, Philipp"]
[Black "Korste, Sebastian"]
[Result "1/2-1/2"]
[WhiteElo "2190"]
[BlackElo "2004"]
[PlyCount "103"]
[SourceVersionDate "2023.06.22"]

1. Nf3 Nf6 2. c4 e6 3. Nc3 d5 4. e3 Be7 5. b3 O-O 6. Bb2 b6 7. cxd5 exd5 8. Qc2
c5 9. d4 Bb7 10. Be2 Nbd7 11. dxc5 bxc5 12. O-O Rc8 13. Rfd1 h6 14. Rac1 Qc7
15. Qf5 Rfd8 16. Na4 Qd6 17. Ne5 Qe6 18. Qxe6 fxe6 19. Rc2 Nxe5 20. Bxe5 Nd7
21. Bb2 Nb6 22. Bb5 Nxa4 23. Bxa4 Ba6 24. Ba3 Kf7 25. Rdc1 c4 26. Bxe7 Kxe7 27.
f3 Kd6 28. bxc4 dxc4 29. Rc3 Kc5 30. a3 Rd2 31. Kf1 Kd5 32. Bd1 Rb8 33. Be2
Rbb2 34. Rd1 Rxd1+ 35. Bxd1 Kc5 36. Bc2 Rxc2 37. Rxc2 c3+ 38. Ke1 Kc4 39. Kd1
Kb3 40. Kc1 Bd3 41. Rf2 Kxa3 42. g4 Kb3 43. f4 a5 44. f5 exf5 45. gxf5 a4 46.
Rg2 Bxf5 47. Rxg7 a3 48. Rb7+ Kc4 49. Ra7 Kb3 50. Rb7+ Kc4 51. Ra7 Kb3 52. Rb7+
1/2-1/2

[Event "Dinslaken- Borbeck"]
[Site "?"]
[Date "2022.09.18"]
[Round "1.3"]
[White "Dewenter, Ulf"]
[Black "Ossig, Rainer"]
[Result "0-1"]
[WhiteElo "2118"]
[BlackElo "2175"]
[PlyCount "44"]
[SourceVersionDate "2023.06.22"]

1. e4 c5 2. Be2 Nc6 3. f4 d5 4. d3 e6 5. Nf3 Bd6 6. O-O Nge7 7. e5 Bc7 8. c4
O-O 9. Nc3 f6 10. exf6 Rxf6 11. g3 Bd7 12. Re1 Be8 13. b3 Nf5 14. cxd5 exd5 15.
Bb2 Rg6 16. Kh1 Ncd4 17. Bf1 Nxg3+ 18. hxg3 Rxg3 19. Nh2 Qh4 20. Rxe8+ Rxe8 21.
Bg2 Bxf4 22. Bxd5+ Kh8 0-1

[Event "Dinslaken- Borbeck"]
[Site "?"]
[Date "2022.09.18"]
[Round "1.4"]
[White "Graeber, Ralf"]
[Black "Klasmeier, Jens"]
[Result "1/2-1/2"]
[WhiteElo "2180"]
[BlackElo "2112"]
[PlyCount "55"]
[SourceVersionDate "2023.06.22"]

1. d4 Nf6 2. Nc3 d5 3. Bf4 a6 4. e3 Bf5 5. f3 e6 6. g4 Bg6 7. h4 h6 8. Bd3 Bxd3
9. Qxd3 c5 10. Nge2 Nc6 11. O-O-O Qa5 12. Kb1 c4 13. Qd2 b5 14. g5 Nh5 15. e4
b4 16. exd5 bxc3 17. Nxc3 Bb4 18. dxc6 Bxc3 19. bxc3 Nxf4 20. Qxf4 Qxc3 21. Qd6
Rd8 22. c7 Rxd6 23. c8=Q+ Ke7 24. Qc7+ Rd7 25. Qc5+ Rd6 26. Qc7+ Rd7 27. Qc5+
Rd6 28. Qc7+ 1/2-1/2

[Event "Dinslaken- Borbeck"]
[Site "?"]
[Date "2022.09.18"]
[Round "1.6"]
[White "Brockhaus, Philip"]
[Black "Strauß, Dirk"]
[Result "1-0"]
[WhiteElo "1936"]
[BlackElo "1921"]
[PlyCount "103"]
[SourceVersionDate "2023.06.22"]

1. e4 c5 2. Nf3 e6 3. c3 d5 4. exd5 exd5 5. d4 Bd6 6. Bd3 Ne7 7. O-O O-O 8.
Nbd2 Nbc6 9. dxc5 Bxc5 10. Nb3 Bd6 11. Nbd4 Nxd4 12. Nxd4 Bd7 13. Bg5 f6 14.
Bh4 Qc8 15. Qc2 f5 16. Bg3 Qc7 17. Bxd6 Qxd6 18. Rad1 Rf6 19. f4 Qb6 20. Kh1
Rc8 21. Rfe1 Kf8 22. Re5 g6 23. Qe2 Re8 24. Re1 Qd8 25. Qf2 a6 26. Qh4 Rf7 27.
Nf3 Nc6 28. Rxe8+ Bxe8 29. Ng5 Kg8 30. Qh6 Re7 31. Ne6 Rxe6 32. Rxe6 Bf7 33.
Re2 d4 34. Qg5 Qxg5 35. fxg5 Bxa2 36. cxd4 Kf8 37. Rc2 Bd5 38. Rc5 Nb4 39. Bc4
Be4 40. Rc7 Nc2 41. Rxh7 Ne3 42. Bb3 Nxg2 43. Kg1 Ne1 44. d5 Nf3+ 45. Kf2 Nxg5
46. Rxb7 f4 47. Bc4 Nh3+ 48. Kf1 g5 49. Rc7 g4 50. d6 g3 51. hxg3 fxg3 52. Rc8+
1-0

[Event "Dinslaken- Borbeck"]
[Site "?"]
[Date "2022.09.18"]
[Round "1.7"]
[White "Kindermann, Carsten"]
[Black "Riekenbrauk, Joerg"]
[Result "1/2-1/2"]
[WhiteElo "1924"]
[BlackElo "1907"]
[PlyCount "28"]
[SourceVersionDate "2023.06.22"]

1. e4 Nf6 2. Nc3 d5 3. e5 Nfd7 4. Nxd5 Nxe5 5. Ne3 c5 6. f4 Nec6 7. g3 e5 8.
fxe5 Nxe5 9. Bg2 Bd6 10. Nf3 Nbc6 11. O-O O-O 12. d3 Ng6 13. Nc4 Bc7 14. Ng5
Nce5 1/2-1/2

[Event "Langenfeld 2- Duisburg"]
[Site "?"]
[Date "2022.09.18"]
[Round "1.1"]
[White "Heisel, Guido"]
[Black "Keller, Karsten"]
[Result "0-1"]
[WhiteElo "2134"]
[BlackElo "2206"]
[PlyCount "130"]
[SourceVersionDate "2023.06.22"]

1. d4 d5 2. Bf4 Nf6 3. e3 e6 4. Nd2 Bd6 5. Bg3 O-O 6. Ngf3 c5 7. c3 b6 8. Bd3
Bb7 9. Ne5 Nc6 10. f4 Ne7 11. O-O g6 12. Qe2 Ne4 13. Bh4 f6 14. Nef3 Nf5 15.
Bf2 Qc7 16. Ba6 Bxa6 17. Qxa6 Nxd2 18. Nxd2 cxd4 19. cxd4 Qc2 20. Nf3 Qxb2 21.
a4 Qb4 22. Rfc1 Qa5 23. Qxa5 bxa5 24. Rc6 Rfd8 25. g4 Ne7 26. Ra6 Kf7 27. Rb1
Bb4 28. g5 Nf5 29. gxf6 Rd6 30. Rxd6 Nxd6 31. Ng5+ Kxf6 32. Nxh7+ Kf5 33. Ng5
Rc8 34. Rb2 Rc3 35. Kg2 Ra3 36. Rc2 Nc4 37. Re2 Bd2 38. e4+ dxe4 39. Nxe4 Bxf4
40. Nc5 Be3 41. Kf3 Bxd4+ 42. Kg2 Bxc5 43. Bxc5 Rxa4 44. Bxa7 e5 45. Bc5 e4 46.
Rf2+ Ke6 47. Rf8 Ne5 48. Kg3 Rc4 49. Be3 Rc3 50. Kf4 Nc4 51. Rc8 Nxe3 52. Re8+
Kf7 53. Ra8 Nc4 54. Kxe4 Rh3 55. Kd4 Rh4+ 56. Kc3 Kf6 57. Ra6+ Kf5 58. h3 Ne5
59. Rxa5 Rxh3+ 60. Kd2 Rf3 61. Ke2 Rf4 62. Ke3 g5 63. Rb5 g4 64. Rb8 Rf3+ 65.
Ke2 Kf4 0-1

[Event "Langenfeld 2- Duisburg"]
[Site "?"]
[Date "2022.09.18"]
[Round "1.2"]
[White "Brochhagen, Thomas"]
[Black "Hehlke, Oliver"]
[Result "1/2-1/2"]
[WhiteElo "1991"]
[BlackElo "1942"]
[PlyCount "41"]
[SourceVersionDate "2023.06.22"]

1. d4 Nf6 2. Nf3 e6 3. e3 b6 4. Bd3 Bb7 5. O-O Be7 6. b3 O-O 7. Bb2 d5 8. Ne5
Nbd7 9. f4 Ne4 10. Nd2 c5 11. c4 Nxe5 12. dxe5 Nxd2 13. Qxd2 dxc4 14. bxc4 Be4
15. Rfd1 Qxd3 16. Qxd3 Bxd3 17. Rxd3 Rfd8 18. Rad1 Rxd3 19. Rxd3 Rd8 20. Rxd8+
Bxd8 21. Kf2 1/2-1/2

[Event "Langenfeld 2- Duisburg"]
[Site "?"]
[Date "2022.09.18"]
[Round "1.3"]
[White "Sirringhaus, Wilfried"]
[Black "Reuter, Michael"]
[Result "0-1"]
[WhiteElo "2182"]
[BlackElo "1940"]
[PlyCount "76"]
[SourceVersionDate "2023.06.22"]

1. e4 c5 2. Nf3 d6 3. c3 Nf6 4. Bc4 e6 5. Qe2 Be7 6. e5 dxe5 7. Nxe5 O-O 8. O-O
Qc7 9. d3 Bd6 10. f4 Nc6 11. Re1 Na5 12. Nd2 Bd7 13. Ndf3 Rad8 14. Be3 Nd5 15.
Bd2 Be8 16. Ng5 Nxc4 17. dxc4 Nf6 18. Rad1 h6 19. Ngf3 Bc6 20. Nxc6 Qxc6 21.
Ne5 Qc7 22. Bc1 Be7 23. g4 Rxd1 24. Rxd1 Rd8 25. Re1 Bd6 26. h4 Nh7 27. h5 Nf8
28. Qe4 b6 29. Kg2 Nh7 30. Be3 Nf6 31. Qf3 Bxe5 32. fxe5 Qxe5 33. g5 hxg5 34.
h6 g4 35. Qf2 Qe4+ 36. Kg1 Qf3 37. Qh4 Rd1 38. hxg7 Qxe3+ 0-1

[Event "Langenfeld 2- Duisburg"]
[Site "?"]
[Date "2022.09.18"]
[Round "1.4"]
[White "Schulte- Lentz, Christian"]
[Black "Große- Frintrop, Gerd"]
[Result "0-1"]
[WhiteElo "2110"]
[BlackElo "2074"]
[PlyCount "116"]
[SourceVersionDate "2023.06.22"]

1. e4 e6 2. d4 d5 3. Nc3 dxe4 4. Nxe4 Nd7 5. Nf3 Ngf6 6. Bd3 Nxe4 7. Bxe4 c5 8.
O-O Qc7 9. Qe2 Be7 10. c4 Nf6 11. Bc2 O-O 12. dxc5 Qxc5 13. Ne5 g6 14. a3 Nd7
15. Ng4 h5 16. Ne3 Bf6 17. b4 Qc7 18. Rb1 b6 19. g4 hxg4 20. Nxg4 Bb7 21. Bh6
Rfe8 22. Rbd1 Bh8 23. Ba4 Bc6 24. Bf4 e5 25. Bxc6 Qxc6 26. Bc1 f5 27. Ne3 Nf6
28. Bb2 Rac8 29. c5 bxc5 30. b5 Qe6 31. Nc4 Nd5 32. Rxd5 Qxd5 33. Rd1 Qe6 34.
Nd6 Rcd8 35. Nxe8 Rxe8 36. Qd2 c4 37. Qd6 Kf7 38. Qc7+ Re7 39. Qb8 Bf6 40. Rd8
Rd7 41. Rxd7+ Qxd7 42. Qa8 f4 43. h3 Qxb5 44. Qxa7+ Ke6 45. Bc3 e4 46. Bxf6
Kxf6 47. Qd4+ Kf5 48. a4 Qc6 49. Qg7 c3 50. Qf8+ Ke5 51. Qe7+ Kd4 52. Qd8+ Qd5
53. Qc7 f3 54. Qf4 Kc4 55. a5 c2 56. Kh2 g5 57. Qe3 Qe5+ 58. Kg1 Qf4 0-1

[Event "Langenfeld 2- Duisburg"]
[Site "?"]
[Date "2022.09.18"]
[Round "1.6"]
[White "Hendrichs, Udo"]
[Black "Usdenski, Andreas"]
[Result "1-0"]
[WhiteElo "2026"]
[BlackElo "1738"]
[PlyCount "113"]
[SourceVersionDate "2023.06.22"]

1. d4 Nf6 2. Nf3 d5 3. e3 Bf5 4. Be2 e6 5. O-O Bd6 6. b3 Nbd7 7. Bb2 O-O 8. Ne5
Qe7 9. Nd2 c5 10. c4 Rac8 11. Rc1 cxd4 12. exd4 Ne4 13. Nxe4 dxe4 14. Nxd7 Qxd7
15. Bg4 Bf4 16. Rc3 b5 17. Bxf5 exf5 18. Bc1 Bc7 19. Rh3 f6 20. cxb5 Bb6 21.
Be3 Rc3 22. Qh5 g6 23. Qe2 f4 24. Bxf4 Rxh3 25. gxh3 Rd8 26. Rd1 Qxh3 27. Bg3
Kg7 28. a4 Qd7 29. Qc4 Rc8 30. Qe2 Re8 31. b4 Qd5 32. a5 Bd8 33. Qe3 Qxb5 34.
Bd6 Qd7 35. Qg3 a6 36. Rc1 Re6 37. Bc7 Qxd4 38. Qg4 Re7 39. Rd1 Qxd1+ 40. Qxd1
Bxc7 41. Qe2 Bd6 42. Qc4 f5 43. Qd5 Bf4 44. Qc6 Bg5 45. Qxa6 f4 46. Qb5 h6 47.
Kf1 f3 48. a6 e3 49. fxe3 Bxe3 50. Qd3 f2 51. Qd6 Kf7 52. b5 Re6 53. Qd7+ Re7
54. Qd5+ Kg7 55. Qd6 Kf7 56. b6 Re8 57. a7 1-0

[Event "Langenfeld 2- Duisburg"]
[Site "?"]
[Date "2022.09.18"]
[Round "1.7"]
[White "Vortmeier, Jan"]
[Black "Buettner, Ulrich"]
[Result "1-0"]
[WhiteElo "1626"]
[BlackElo "1970"]
[PlyCount "51"]
[SourceVersionDate "2023.06.22"]

1. Nf3 d5 2. g3 Nf6 3. Bg2 e6 4. O-O Be7 5. d3 c5 6. Nbd2 Nc6 7. e4 Qc7 8. Re1
b5 9. exd5 Nxd5 10. a4 b4 11. Nc4 h6 12. h4 Bb7 13. Nfd2 O-O-O 14. Nf1 Bf6 15.
Nfe3 Nce7 16. a5 Nxe3 17. Bxb7+ Qxb7 18. Bxe3 Qc6 19. Qh5 Nd5 20. Qxf7 Rd7 21.
Qg6 Rf8 22. Qe4 Kb7 23. a6+ Kc7 24. Ne5 Bxe5 25. Qxe5+ Qd6 26. Bxc5 1-0

[Event "Wattenscheid 2- Münster 3"]
[Site "?"]
[Date "2022.09.18"]
[Round "1.1"]
[White "Korth, Daniel"]
[Black "Schroeder, Wilfried"]
[Result "1/2-1/2"]
[WhiteElo "2162"]
[BlackElo "2174"]
[PlyCount "95"]
[SourceVersionDate "2023.06.22"]

1. d4 d5 2. c4 e6 3. Nf3 c6 4. e3 f5 5. Bd3 Nf6 6. O-O Bd6 7. b3 Qe7 8. Bb2 O-O
9. Qc1 b6 10. Ba3 Bb7 11. Bxd6 Qxd6 12. cxd5 cxd5 13. Qb2 Nc6 14. Nc3 Ne4 15.
Rfc1 Rfc8 16. a3 Nxc3 17. Rxc3 a6 18. Rac1 Nd8 19. b4 Rxc3 20. Rxc3 Rc8 21.
Rxc8 Bxc8 22. Qc2 Qc6 23. Qxc6 Nxc6 24. b5 axb5 25. Bxb5 Nb8 26. Kf1 Kf8 27.
Ke1 Ke7 28. Kd2 Bd7 29. Bd3 Ba4 30. Kc3 Nc6 31. Nd2 h6 32. f4 Kd6 33. Be2 Ke7
34. Nf3 Kd6 35. g3 Ke7 36. Kb2 Kd6 37. h4 Ke7 38. Nd2 Kd6 39. Nb1 Na7 40. Nc3
Bd7 41. Kb3 Kc7 42. g4 g6 43. g5 hxg5 44. fxg5 Be8 45. Na4 Nc6 46. Nc3 Na7 47.
Na4 Nc6 48. Nc3 1/2-1/2

[Event "Wattenscheid 2- Münster 3"]
[Site "?"]
[Date "2022.09.18"]
[Round "1.2"]
[White "Peter, Thomas"]
[Black "Baumann, Stephan"]
[Result "1-0"]
[WhiteElo "2207"]
[BlackElo "2063"]
[PlyCount "127"]
[SourceVersionDate "2023.06.22"]

1. e4 e5 2. Nf3 Nc6 3. Bb5 Bc5 4. O-O Qf6 5. Nc3 Nge7 6. Nd5 Nxd5 7. exd5 Nd4
8. Nxd4 Bxd4 9. c3 Bb6 10. Qe2 O-O 11. d3 d6 12. a4 a6 13. Bc4 Qg6 14. Kh1 Bg4
15. f3 Bd7 16. a5 Ba7 17. Ra3 Rae8 18. Rb3 Bc8 19. Be3 Bxe3 20. Qxe3 f5 21. Rb4
f4 22. Qf2 Qh5 23. Bb3 Rf6 24. g4 fxg3 25. Qxg3 Ref8 26. Bd1 Qh6 27. Rh4 Qd2
28. Qf2 Qxf2 29. Rxf2 Rf4 30. Rxf4 Rxf4 31. Kg2 Kf7 32. Kf1 g5 33. Ke2 Kf6 34.
Ke3 h5 35. b4 Bd7 36. Rb2 c6 37. Ba4 g4 38. Rf2 Rxf3+ 39. Rxf3+ gxf3 40. dxc6
bxc6 41. Kxf3 d5 42. h4 Ke7 43. Ke3 Kd6 44. Bd1 Be8 45. d4 e4 46. Be2 Kc7 47.
Bxa6 Bd7 48. Be2 Be8 49. Kf4 Kd6 50. Kf5 Bf7 51. Kf6 Be8 52. Bd1 Kd7 53. Ke5
Kc7 54. Be2 Bf7 55. Kf6 Be8 56. Ke6 Bd7+ 57. Ke5 Be8 58. c4 Bf7 59. cxd5 cxd5
60. b5 Kd7 61. Kf6 Be8 62. b6 e3 63. Ke5 Kc6 64. Kf4 1-0

[Event "Wattenscheid 2- Münster 3"]
[Site "?"]
[Date "2022.09.18"]
[Round "1.4"]
[White "Gohla, Ulf"]
[Black "Niermann, Rainer"]
[Result "1/2-1/2"]
[WhiteElo "2096"]
[BlackElo "2091"]
[PlyCount "120"]
[SourceVersionDate "2023.06.22"]

1. d4 c5 2. d5 Nf6 3. Nc3 e6 4. e4 d6 5. Nf3 Be7 6. Bb5+ Bd7 7. dxe6 fxe6 8. e5
dxe5 9. Nxe5 Bxb5 10. Qxd8+ Bxd8 11. Nxb5 O-O 12. O-O a6 13. Na3 Bc7 14. Re1
Ba5 15. Re2 Bb4 16. Nac4 b5 17. a3 bxc4 18. axb4 cxb4 19. Nxc4 Nc6 20. Be3 Nd5
21. Bc5 Nf4 22. Re4 Rf5 23. Be3 e5 24. Nxe5 Nh3+ 25. gxh3 Rxe5 26. Rc4 Re6 27.
Bc5 Ne5 28. Rf4 Rc6 29. Bxb4 Rxc2 30. Rxa6 Rd8 31. Rd6 Rdc8 32. Bc3 Ng6 33. Rg4
Rf8 34. Rd7 Rfxf2 35. Rxg7+ Kf8 36. Rxh7 Nf4 37. Rh8+ Kf7 38. Rh7+ Ke6 39. Rh6+
Kd5 40. Be1 Rf3 41. Rxf4 Rxf4 42. Bg3 Rf7 43. Rd6+ Ke4 44. b4 Kf3 45. Rd1 Ke2
46. Rb1 Ra7 47. b5 Raa2 48. Be5 Rc5 49. b6 Rxe5 50. b7 Rg5+ 51. Kh1 Rg8 52.
b8=Q Rxb8 53. Rxb8 Ke3 54. Rf8 Ke4 55. h4 Ke5 56. h5 Ra6 57. Kg2 Rf6 58. Ra8
Kf4 59. h4 Kg4 60. Ra4+ Kxh5 1/2-1/2

[Event "Wattenscheid 2- Münster 3"]
[Site "?"]
[Date "2022.09.18"]
[Round "1.5"]
[White "Schroeder, Joerg"]
[Black "Schmedders, Hans- Gerd"]
[Result "1/2-1/2"]
[WhiteElo "1994"]
[BlackElo "2166"]
[PlyCount "79"]
[SourceVersionDate "2023.06.22"]

1. d4 Nf6 2. Bf4 d5 3. e3 c5 4. c3 Nc6 5. Nf3 Bg4 6. Qb3 Qb6 7. Ne5 Nxe5 8.
dxe5 Nd7 9. Nd2 e6 10. e4 c4 11. Qxb6 axb6 12. h4 Bh5 13. f3 h6 14. a3 b5 15.
Rd1 Nc5 16. Be3 Bg6 17. Bxc5 Bxc5 18. h5 Bh7 19. exd5 exd5 20. Rh4 O-O 21. f4
d4 22. cxd4 Bxd4 23. Nxc4 Rfd8 24. Nd6 Bxb2 25. Bxb5 Bc2 26. Rd5 Rxa3 27. Bc4
Rc3 28. Rb5 Ba3 29. Bxf7+ Kf8 30. Rxb7 Bxd6 31. exd6 Rxd6 32. f5 Bxf5 33. Rf4
Rf6 34. Bg6 Bxg6 35. Rxf6+ gxf6 36. hxg6 Rg3 37. Rf7+ Kg8 38. Rxf6 Kg7 39. Kf2
Rxg6 40. Rxg6+ 1/2-1/2